<?xml version="1.0" encoding="UTF-8"?>
<record
    xmlns:xsi="http://www.w3.org/2001/XMLSchema-instance"
    xsi:schemaLocation="http://www.loc.gov/MARC21/slim http://www.loc.gov/standards/marcxml/schema/MARC21slim.xsd"
    xmlns="http://www.loc.gov/MARC21/slim">

  <leader>00956nam a2200217 a 4500</leader>
  <controlfield tag="001">3075</controlfield>
  <controlfield tag="003">BD-RjUL</controlfield>
  <controlfield tag="005">20211208233654.0</controlfield>
  <controlfield tag="008">150614s1981    bg            000 0 ben  </controlfield>
  <datafield tag="035" ind1=" " ind2=" ">
    <subfield code="a">(BD-RjUL)3109</subfield>
  </datafield>
  <datafield tag="040" ind1=" " ind2=" ">
    <subfield code="a">BD-RjUL</subfield>
    <subfield code="c">BD-RjUL</subfield>
    <subfield code="d">BD-RjUL</subfield>
    <subfield code="b">ben</subfield>
  </datafield>
  <datafield tag="041" ind1=" " ind2=" ">
    <subfield code="a">ben</subfield>
  </datafield>
  <datafield tag="082" ind1="1" ind2="4">
    <subfield code="a">891.448</subfield>
    <subfield code="b">SAH 1981</subfield>
  </datafield>
  <datafield tag="245" ind1=" " ind2=" ">
    <subfield code="a">&#x9B6;&#x9B9;&#x9C0;&#x9A6;&#x9C1;&#x9B2;&#x9CD;&#x9B2;&#x9BE; &#x995;&#x9BE;&#x9AF;&#x9BC;&#x9B8;&#x9BE;&#x9B0; &#x9B0;&#x99A;&#x9A8;&#x9BE;&#x9AC;&#x9B2;&#x9C0; /</subfield>
    <subfield code="c">&#x997;&#x9CB;&#x9B2;&#x9BE;&#x9AE; &#x9B8;&#x9BE;&#x995;&#x9B2;&#x9BE;&#x9AF;&#x9BC;&#x9C7;&#x9A8; &#x9B8;&#x982;&#x995;&#x9B2;&#x9BF;&#x9A4; &#x993; &#x9B8;&#x9AE;&#x9CD;&#x9AA;&#x9BE;&#x9A6;&#x9BF;&#x9A4;.</subfield>
    <subfield code="n">&#x9AA;&#x9CD;&#x9B0;&#x9A5;&#x9AE; &#x996;&#x9A8;&#x9CD;&#x9A1; :</subfield>
    <subfield code="p">&#x9AA;&#x9CD;&#x9B0;&#x9A5;&#x9AE; &#x9AA;&#x9B0;&#x9CD;&#x9AC;</subfield>
  </datafield>
  <datafield tag="260" ind1=" " ind2=" ">
    <subfield code="a">&#x9A2;&#x9BE;&#x995;&#x9BE; :</subfield>
    <subfield code="b">&#x9AC;&#x9BE;&#x982;&#x9B2;&#x9BE; &#x98F;&#x995;&#x9BE;&#x9A1;&#x9C7;&#x9AE;&#x9C0;,</subfield>
    <subfield code="c">&#x9E7;&#x9EF;&#x9EE;&#x9E7;.</subfield>
  </datafield>
  <datafield tag="300" ind1=" " ind2=" ">
    <subfield code="a">&#x9EA;&#x9E7;&#x9EA; &#x9AA;&#x9C3;. ;</subfield>
    <subfield code="c">&#x9E8;&#x9E7; &#x9B8;&#x9C7;&#x9AE;&#x9BF;.</subfield>
  </datafield>
  <datafield tag="650" ind1=" " ind2=" ">
    <subfield code="a">&#x9AC;&#x9BE;&#x982;&#x9B2;&#x9BE; &#x9B8;&#x9BE;&#x9B9;&#x9BF;&#x9A4;&#x9CD;&#x9AF; </subfield>
    <subfield code="v">&#x9AC;&#x9BF;&#x9AC;&#x9BF;&#x9A7; &#x9B0;&#x99A;&#x9A8;&#x9BE;&#x9AC;&#x9B2;&#x9C0;</subfield>
    <subfield code="9">116891</subfield>
  </datafield>
  <datafield tag="650" ind1=" " ind2=" ">
    <subfield code="a">Bengali literature</subfield>
    <subfield code="9">116892</subfield>
    <subfield code="v">Miscellaneous writings</subfield>
  </datafield>
  <datafield tag="700" ind1=" " ind2=" ">
    <subfield code="a">&#x9B8;&#x9BE;&#x995;&#x9B2;&#x9BE;&#x9AF;&#x9BC;&#x9C7;&#x9A8;, &#x997;&#x9CB;&#x9B2;&#x9BE;&#x9AE; </subfield>
    <subfield code="9">116893</subfield>
  </datafield>
  <datafield tag="942" ind1=" " ind2=" ">
    <subfield code="2">ddc</subfield>
    <subfield code="c">BK</subfield>
  </datafield>
  <datafield tag="999" ind1=" " ind2=" ">
    <subfield code="c">3075</subfield>
    <subfield code="d">3075</subfield>
  </datafield>
  <datafield tag="952" ind1=" " ind2=" ">
    <subfield code="0">0</subfield>
    <subfield code="1">0</subfield>
    <subfield code="2">ddc</subfield>
    <subfield code="4">0</subfield>
    <subfield code="7">0</subfield>
    <subfield code="8">FIC</subfield>
    <subfield code="a">RUCL</subfield>
    <subfield code="b">RUCL</subfield>
    <subfield code="c">Stack</subfield>
    <subfield code="d">1981-06-30</subfield>
    <subfield code="e">&#x987;&#x989;&#x9B0;&#x9C7;&#x995;&#x9BE; &#x9AC;&#x9C1;&#x995; &#x98F;&#x99C;&#x9C7;&#x9A8;&#x9CD;&#x9B8;&#x9C0;</subfield>
    <subfield code="g">50.00</subfield>
    <subfield code="l">0</subfield>
    <subfield code="o">B 891.448 SAH 1981</subfield>
    <subfield code="r">2015-06-16 00:00:00</subfield>
    <subfield code="t">C-2</subfield>
    <subfield code="w">2015-06-16</subfield>
    <subfield code="y">BK</subfield>
  </datafield>
  <datafield tag="952" ind1=" " ind2=" ">
    <subfield code="0">0</subfield>
    <subfield code="1">0</subfield>
    <subfield code="2">ddc</subfield>
    <subfield code="4">0</subfield>
    <subfield code="7">1</subfield>
    <subfield code="8">NFIC</subfield>
    <subfield code="a">RUCL</subfield>
    <subfield code="b">RUCL</subfield>
    <subfield code="c">Reading</subfield>
    <subfield code="d">1981-06-30</subfield>
    <subfield code="e">Bangla Academy</subfield>
    <subfield code="g">50.00</subfield>
    <subfield code="l">0</subfield>
    <subfield code="o">B 891.448 SAH 1981</subfield>
    <subfield code="r">2022-11-10 00:00:00</subfield>
    <subfield code="t">C-1</subfield>
    <subfield code="w">2022-11-10</subfield>
    <subfield code="y">BK</subfield>
  </datafield>
  <datafield tag="952" ind1=" " ind2=" ">
    <subfield code="0">0</subfield>
    <subfield code="1">0</subfield>
    <subfield code="2">ddc</subfield>
    <subfield code="4">0</subfield>
    <subfield code="7">0</subfield>
    <subfield code="8">NFIC</subfield>
    <subfield code="a">RUCL</subfield>
    <subfield code="b">RUCL</subfield>
    <subfield code="c">GEN</subfield>
    <subfield code="d">1981-06-29</subfield>
    <subfield code="e">Ureka Book Agenncy, Rajshahi</subfield>
    <subfield code="g">50.00</subfield>
    <subfield code="l">0</subfield>
    <subfield code="o">B 891.448 SAH 1981</subfield>
    <subfield code="r">2022-11-20 00:00:00</subfield>
    <subfield code="t">C-3</subfield>
    <subfield code="w">2022-11-20</subfield>
    <subfield code="y">BK</subfield>
  </datafield>
  <datafield tag="952" ind1=" " ind2=" ">
    <subfield code="0">0</subfield>
    <subfield code="1">0</subfield>
    <subfield code="2">ddc</subfield>
    <subfield code="4">0</subfield>
    <subfield code="7">0</subfield>
    <subfield code="8">NFIC</subfield>
    <subfield code="a">RUCL</subfield>
    <subfield code="b">RUCL</subfield>
    <subfield code="c">GEN</subfield>
    <subfield code="d">2025-08-04</subfield>
    <subfield code="o">B 891.448 SAH 1981</subfield>
    <subfield code="r">2025-08-04 00:00:00</subfield>
    <subfield code="t">C-4</subfield>
    <subfield code="y">BK</subfield>
  </datafield>
</record>
